000 00997nam a2200313 i 4500
003 EG-GICUC
005 20260228104727.0
008 260127s2006 fr ||||fr|||| 000 0 fre d
020 _a9782247066308
040 _aEG-GiCUC
_bfre
_cEG-GiCUC
_dEG-GiCUC
_eRda
041 0 _afre
082 0 4 _221
_a341.8
_bKA . L
092 0 4 _221
099 _aLaw1 12 341.8 KA . L 2006
100 1 _aParrot Karine
_eAuteur
245 1 2 _aL'interprétation des conventions de droit international privé /
_cParrot Karine.
264 _aParis :
_bDALLOZ,
_c2006.
300 _a589 page ;
_c 24 cm.
336 _2rda contenu
_a texte
337 _2rda medias
_aOrdinateur
338 _2 transporteur rda
_a Ressource en ligne
504 _aComprend des références bibliographiques.
546 _aTexte en français
650 1 0 _aDroit international privé
_2qrmak
651 1 _2qrmak
856 4 0 _uhttps://fll.law.cu.edu.eg/fulltext/bks/B12-01831.pdf
905 _a78
_eYara
942 _2ddc
_cBK
_e21
_n0
999 _c59559
_d59559